Statistiken für 8 Ländernamen in 8 europäischen Sprachen

Klicken Sie hier um das Quiz zu spielen!

Allgemein

  • Dieses Quiz wurde 89 mal gespielt
  • Das Durchschnittsergebnis liegt bei 16 aus 64

Antwortstatistiken

SpracheWord% Korrekt
EnglischRussia
100%
EnglischCroatia
95%
EnglischGreece
95%
FinnischKroatia
95%
NiederländischItalië
93%
FrenchItalie
93%
EnglischItaly
93%
EnglischUnited Kingdom
84%
FinnischSlovakia
75%
EnglischSlovakia
75%
EstnischSlovakkia
75%
EnglischLithuania
65%
EstnischItaalia
62%
FinnischItalia
62%
SpanischItalia
62%
EnglischCzech Republic
60%
FrenchCroatie
51%
NiederländischKroatië
51%
FrenchRussie
37%
SpanischRusia
21%
SpanischLituania
20%
FrenchGrèce
17%
SpanischGrecia
17%
SpanischCroacia
14%
FrenchLituanie
12%
NiederländischRusland
12%
SpanischReino Unido
11%
PolnischCzechy
10%
FrenchRoyaume-Uni
10%
SpanischEslovaquia
6%
UngarischLitvánia
5%
SpanischRepública Checa
5%
FrenchSlovaquie
5%
NiederländischGriekenland
4%
PolnischLitwa
4%
UngarischOroszország
4%
PolnischRosja
4%
FrenchTchéquie
4%
FinnischTšekki
4%
PolnischChorwacja
2%
PolnischGrecja
2%
UngarischHorvátország
2%
NiederländischLitouwen
2%
PolnischSłowacja
2%
PolnischWielka Brytania
2%
PolnischWłochy
2%
UngarischCsehország
1%
UngarischEgyesült Királyság
1%
UngarischGörögország
1%
EstnischHorvaatia
1%
EstnischKreeka
1%
FinnischKreikka
1%
EstnischLeedu
1%
FinnischLiettua
1%
UngarischOlaszország
1%
NiederländischSlowakije
1%
EstnischSuurbritannia
1%
UngarischSzlovákia
1%
EstnischTšehhi
1%
NiederländischTsjechië
1%
FinnischVenäja
1%
EstnischVenemaa
1%
NiederländischVerenigd Koninkrijk
1%
FinnischYhdistynyt kuningaskunta
1%

Verteilung der Resultate

Perzentil nach korrekt beantworteten Fragen

Anzahl Personen mit jedem Resultat

Ihre Resultats-Entwicklung

Sie haben dieses Quiz noch nicht gespielt